000 00305nam a2200109 4500
999 _c14051
_d14051
008 190730b ||||| |||| 00| 0 eng d
245 _aInt'l forum discusses education for gen z.
260 _aPhilippines:
_bManila Bulletin;
_cc2019.
300 _apage 4.
650 0 _939049
_aEducation.
942 _2ddc
_cPER